000 00369nam a22001217a 4500
040 _c338
082 _a338 SHU 1989 C090
100 _aSHUBH K. KUMAR
245 _aComsequences of deforestation for women's time allocation, agricultural production, and nutrition in hill areas of nepal
260 _aPhnom Penh
_bSHU
_c1988
300 _a72p.
_bill.
_c29cm.
942 _cEK
999 _c11239
_d11239